000 00415nam a2200169Ia 4500
003 GCL
008 140319s9999 xx 000 0 eng d
040 _aGCL /
_cGCL
082 0 4 _a582.13
_bM W
100 1 _aMACOBOY, STISLING
245 1 0 _aWHAT FLOWER IS THAT ? /
_cMACOBOY, STISLING
260 _a[S.N] :
_bOMEGA BOOKS ،
_c1984
300 _a317P
650 0 4 _aANATOMY
650 0 4 _aFLOWERS
942 _2ddc
_cBK
999 _c10335
_d10335